[Event "GER-chT Christmas U20"]
[Site "Playchess.com INT"]
[Date "2020.12.29"]
[Round "2.4"]
[White "Fieberg, Samuel"]
[Black "Neumann, Oskar"]
[Result "1-0"]
[WhiteElo "2180"]
[BlackElo "1691"]
[PlyCount "31"]
[EventDate "2020.12.29"]
[EventType "team-swiss (blitz)"]
[EventRounds "7"]
[EventCountry "GER"]
[SourceTitle "CBM 200 Extra"]
[Source "ChessBase"]
[SourceDate "2021.03.31"]
[SourceVersion "1"]
[SourceVersionDate "2021.03.31"]
[SourceQuality "1"]
[WhiteTeam "Koeln Porz"]
[BlackTeam "Eppendorf Johanneum"]
[WhiteTeamCountry "GER"]
[BlackTeamCountry "GER"]

1. e4 c5 2. Nf3 e6 3. d4 cxd4 4. Nxd4 a6 5. Nc3 Qc7 6. Be2 Nf6 7. 0-0 b5 8. Bf3 Bb7 9. e5 Nd5 10. Nxd5 exd5 11. Nf5 Qc6 12. Re1 g6 13. Nd6+ Bxd6 14. exd6+ Kf8 15. Bh6+ Kg8 16. Re8# 1-0

[Event "Kiel op-B 29th"]
[Site "Kiel"]
[Date "2016.07.31"]
[Round "3"]
[White "Neumann, Oskar"]
[Black "Farokhi, Keyvan"]
[Result "0-1"]
[WhiteElo "1640"]
[BlackElo "1575"]
[PlyCount "176"]
[EventDate "2016.07.30"]
[EventType "swiss"]
[EventRounds "9"]
[EventCountry "GER"]
[SourceTitle "EXT 2017"]
[Source "ChessBase"]
[SourceDate "2016.10.25"]
[SourceVersion "1"]
[SourceVersionDate "2016.10.25"]
[SourceQuality "1"]

1. e4 e5 2. Nf3 Nc6 3. Bb5 a6 4. Ba4 Nf6 5. d3 b5 6. Bb3 Be7 7. 0-0 d6 8. c3 0-0 9. Nbd2 Na5 10. Bc2 c5 11. Re1 Re8 12. Nf1 Bf8 13. Ng3 g6 14. Bg5 Bg7 15. d4 Nc6 16. dxc5 dxc5 17. Qxd8 Rxd8 18. Rad1 Be6 19. Bb1 b4 20. Nf1 bxc3 21. bxc3 h6 22. Bh4 g5 23. Bg3 Nh5 24. a4 Nxg3 25. Nxg3 Bb3 26. Rxd8+ Rxd8 27. a5 Nxa5 28. Nf5 Nc6 29. Ne3 Ne7 30. c4 a5 31. Bc2 Bxc2 32. Nxc2 g4 33. Nh4 Rd2 34. Rc1 Bf6 35. Nf5 Nxf5 36. exf5 e4 37. Ne3 h5 38. Nf1 Rd4 39. Ng3 h4 40. Nf1 Rd3 41. g3 hxg3 42. hxg3 a4 43. Rc2 a3 44. Ra2 Bb2 45. Ne3 Rc3 46. Kf1 Rc1+ 47. Ke2 Ra1 48. Rxa1 Bxa1 49. Nc2 Bb2 50. Ke3 a2 51. Kxe4 a1Q 52. Nxa1 Bxa1 53. Kf4 Bd4 54. Kxg4 Bxf2 55. Kf3 Bd4 56. Ke4 Kg7 57. g4 Kh6 58. Kf4 f6 59. Kg3 Kg5 60. Kh3 Bf2 61. Kg2 Kxg4 62. Kxf2 Kxf5 63. Kf3 Ke5 64. Ke3 f5 65. Kd3 f4 66. Kc3 Ke4 67. Kd2 Kd4 68. Ke2 Kxc4 69. Kf3 Kb3 70. Kxf4 c4 71. Ke3 c3 72. Ke2 c2 73. Kd2 Kb2 74. Kd3 c1Q 75. Ke4 Qd2 76. Ke5 Qd3 77. Ke6 Qd4 78. Kf5 Qe3 79. Kf6 Qe4 80. Kg5 Qf3 81. Kg6 Qf4 82. Kg7 Qf5 83. Kg8 Qd7 84. Kf8 Kc3 85. Kg8 Kd4 86. Kf8 Ke5 87. Kg8 Kf6 88. Kh8 Qg7# 0-1